Adventures of a Computational Explorer /

Guardado en:
Detalles Bibliográficos
Autor principal: Wolfram, Stephen (Autor)
Formato: Libro
Lenguaje:inglés
Publicado: 2019
Etiquetas: Agregar Etiqueta
Sin Etiquetas, Sea el primero en etiquetar este registro!

MARC

LEADER 00000nam a22000003a 4500
001 0084663
003 SK-STU
005 20201124115016.7
007 ta
008 201124s ----xo-----e------000-0-----d
020 |a 978-1-57955-026-4 
040 |a STU  |b slo 
041 0 |a eng 
100 1 |a Wolfram, Stephen  |4 aut 
245 1 0 |a Adventures of a Computational Explorer /  |c aut. Stephen Wolfram 
260 |c 2019 
300 |a 421 s. 
996 |b 284M088480  |c M* 14390-1  |l MMKN  |s A  |a 24  |w 0084663_0001